000 00891nam a2200265 4500
020 _a0030692458
082 0 0 _a620.112
_bWAR
_cD.
100 1 _aWarnock, F.V.,
_940900
245 0 0 _aStrength of materials
_cF.V. Warnock.
260 _aLondon,
_bSIR ISAAC PITMAN & SON LTD.
_c[1962]
300 _ax, 431 p.
_billus.
526 _a0
_b0
_c0
_d620_112000000000000_WAR
526 _a0
_b0
_c0
_d620_112000000000000_WAR
526 _a0
_b0
_c0
_d620_112000000000000_WAR
526 _a0
_b0
_c0
_d620_112000000000000_WAR
526 _a0
_b0
_c0
_d620_112000000000000_WAR
526 _a0
_b0
_c0
_d620_112000000000000_WAR
526 _a0
_b0
_c0
_d620_112000000000000_WAR
526 _a0
_b0
_c0
_d620_112000000000000_WAR
526 _a0
_b0
_c0
_d620_112000000000000_WAR
526 _a0
_b0
_c0
_d620_112000000000000_WAR
526 _a0
_b0
_c0
_d620_112000000000000_WAR
650 0 _aMCE
_9379
942 _2ddc
_cBK
999 _c545128
_d545128